Loading...

Special education: a practical approach for teachers

Bibliografiske detaljer
Hovedforfatter: Ysseldyke, James E
Format: Printed Book
Sprog:English
Fag:
LEADER 00375nam a2200109Ia 4500
008 101008s9999 xx 000 0 eng d
100 |a Ysseldyke, James E 
245 |a Special education: a practical approach for teachers 
650 |a Special Education 
942 |c BK 
999 |c 184366  |d 184366 
952 |0 0  |1 0  |4 0  |7 0  |9 203659  |a EDU  |b EDU  |c ST1  |d 2010-10-20  |i 5981  |l 0  |p EDU5981  |r 2018-08-29  |w 2018-08-29  |y BK